000 00517cab a2200205 4500
001 X2747
008 090401t1990 xxu||||| |||| 00| 0 eng d
035 _a(Sirsi) u26047
041 _aeng
110 _aNational Farmers' Union
_9456
245 _aEarly entry into the ERM : the impact on agriculture
260 _c1990
350 _a0
490 _aRural Practice Bulletin
_vJuly 1990, 38-39(2)
650 _aECONOMY
650 _aINFLATION
690 _aRURAL PRACTICE
942 _n0
948 _c04/03/1997
999 _c17480
_d17480